000 00430nam a2200133Ia 4500
008 100328s9999 xx 000 0 und d
082 _b73466
100 _aसामंत अनंत.
245 _aएका शहराच शूटिंग.
260 _bमॅजेस्टिक.
630 _aएका शहराच शूटिंग.
730 _aएका शहराच शूटिंग.
942 _cBOOK
999 _c559187
_d559184